000 00390nam a22001337a 4500
020 _a0000000518413
040 _cNUST
082 _a891.4393 IQB
100 _aIqbal, H
_988593
245 _aAbu Muslim Kharasani:
_bJis Kay Lashkar Nay Saltanat E Umaiyya Ki Eent Se Eent Baja Di
260 _aLAHORE:
_b Al Hamd Publication,
_c2015.
650 _aUrdu Adab-Novel
_990473
942 _2ddc
_cBK
999 _c587685
_d587685